The Best of tehelka two / (Record no. 20225)

MARC details
000 -LEADER
fixed length control field 00351nam a22001457a 4500
003 - CONTROL NUMBER IDENTIFIER
control field OSt
008 - FIXED-LENGTH DATA ELEMENTS--GENERAL INFORMATION
fixed length control field 240129b2006 |||||||| |||| 00| 0 eng d
020 ## - INTERNATIONAL STANDARD BOOK NUMBER
International Standard Book Number 8187890045
082 ## - DEWEY DECIMAL CLASSIFICATION NUMBER
Classification number 364.13230954
Item number BES-
245 ## - TITLE STATEMENT
Title The Best of tehelka two /
260 ## - PUBLICATION, DISTRIBUTION, ETC. (IMPRINT)
Place of publication, distribution, etc New Delhi :
Name of publisher, distributor, etc Buffalo Books ,
Date of publication, distribution, etc 2006.
300 ## - PHYSICAL DESCRIPTION
Extent / Pages 415 p. ;
650 ## - SUBJECT ADDED ENTRY--TOPICAL TERM
Topical term or geographic name as entry element India
942 ## - ADDED ENTRY ELEMENTS (KOHA)
Source of classification or shelving scheme
Koha item type Books
Holdings
Withdrawn status Lost status Source of classification or shelving scheme Damaged status Not for loan Home library Current library Date acquired Currency Cost, normal purchase price Total Checkouts Full call number Barcode Date last seen Copy number Bill Date Koha item type
          SOBD Library SOBD Library 29/01/2024 INR 350.00   364.13230954 BES-1 SD1877 29/01/2024 1 29/01/2024 Books
Hosted, Implemented, Customized & Maintained by: BestBookBuddies

Powered by Koha